| Tag |
First Indicator |
Second Indicator |
Subfields |
| LEADER |
00000cam a2200000La 4500 |
| 001 |
in00001746813 |
| 005 |
20190325104820.0 |
| 006 |
m u |
| 007 |
cr cn| |
| 008 |
001008s1999 coua sb 001 0 eng d |
| 020 |
|
|
|a 0585258600 (electronic bk.)
|
| 020 |
|
|
|a 9780585258607 (electronic bk.)
|
| 035 |
|
|
|a (OCoLC)ocm45728892
|
| 035 |
|
|
|a (OCoLC)45728892
|
| 040 |
|
|
|a N$T
|c N$T
|d OCL
|d OCLCQ
|d UtOrBLW
|
| 049 |
|
|
|a TXAM
|
| 050 |
1 |
4 |
|a GE77
|b .G38 1999eb
|
| 082 |
0 |
4 |
|a 372.3/57044
|2 21
|
| 100 |
1 |
|
|a Gates, Julie M.,
|d 1949-
|
| 245 |
1 |
0 |
|a Consider the earth :
|b environmental activities for grades 4-8 /
|c Julie M. Gates.
|
| 250 |
|
|
|a 2nd ed.
|
| 264 |
|
1 |
|a Englewood, Colo. :
|b Teacher Ideas Press,
|c 1999.
|
| 300 |
|
|
|a xi, 246 pages :
|b illustrations ;
|c 28 cm.
|
| 336 |
|
|
|a text
|b txt
|2 rdacontent
|
| 337 |
|
|
|a computer
|b c
|2 rdamedia
|
| 338 |
|
|
|a online resource
|b cr
|2 rdacarrier
|
| 504 |
|
|
|a Includes bibliographical references and index.
|
| 533 |
|
|
|a Electronic reproduction.
|b Boulder, Colo. :
|c NetLibrary,
|d 2000.
|n Available via World Wide Web.
|n Access may be limited to NetLibrary affiliated libraries.
|
| 500 |
|
|
|a Electronic resource.
|
| 650 |
|
0 |
|a Environmental education
|x Activity programs.
|
| 650 |
|
0 |
|a Environmental education
|x Experiments.
|
| 655 |
|
7 |
|a Electronic books.
|2 local
|
| 710 |
2 |
|
|a NetLibrary, Inc.
|
| 776 |
1 |
|
|c Original
|z 1563087251
|w (DLC) 99011611
|w (OCoLC)40660148
|
| 856 |
4 |
0 |
|u http://proxy.library.tamu.edu/login?url=http://www.netLibrary.com/urlapi.asp?action=summary&v=1&bookid=21841
|z Connect to the full text of this electronic book
|t 0
|
| 994 |
|
|
|a 92
|b TXA
|
| 999 |
|
|
|a MARS
|
| 999 |
f |
f |
|s ec32aace-d53b-396b-9fc9-34118350c208
|i 4b3ff4eb-3383-3eb6-abad-a53247978a2c
|t 0
|
| 952 |
f |
f |
|a Texas A&M University
|b College Station
|c Electronic Resources
|d Available Online
|t 0
|e GE77 .G38 1999eb
|h Library of Congress classification
|
| 998 |
f |
f |
|a GE77 .G38 1999eb
|t 0
|l Available Online
|